Normal view MARC view
  • Medina Peña, Luis

Entry Nombre Personal

Number of records used in: 8

001 - NUMERO DE CONTROL

  • campo de control: 29278

003 - IDENTIFICADOR DE NUMERO DE CONTROL

  • campo de control: DLC

005 - FECHA Y HORA DE LA ÜLTIMA TRANSACCIÓN

  • campo de control: 20221017122238.0

008 - DATOS DE LONGITUD FIJA

  • campo de control de longitud fija: 221017n| azannaabn |a aaa

010 ## - NÚMERO DE CONTROL DE LA BIBLIOTECA DEL CONGRESO

  • Número de control LC: n 94057465
  • Número de Control LC Cancelado/inválido: n 79032383

035 ## - NUMERO DE CONTROL

  • Número de control: (OCoLC)oca03624195

035 ## - NUMERO DE CONTROL

  • Número de control: (CaEvSKY)skya4055512

040 ## - FUENTE DE CATALOGACIÓN

  • Agencia original de catalogación: DLC
  • Lenguaje de catalogación: spa
  • Description conventions: rda
  • Agencia de transcripción: DLC
  • Agencia que lo modifica: OCoLC
  • Agencia que lo modifica: DLC
  • Agencia que lo modifica: MX-MxCID
  • Agencia que lo modifica: MX-MxUPN

100 1# - ENCABEZAMIENTO - NOMBRE PERSONAL

  • Nombre personal: Medina Peña, Luis

372 ## - CAMPO DE ACTIVIDAD

  • Field of activity: Ciencias políticas
  • Field of activity: Historia
  • Fuente del término: lcsh

373 ## - GRUPO ASOCIADO

  • Associated group: Universidad Nacional Autónoma de México
  • Associated group: Centro de Investigación y Docencia Económicas
  • Fuente del término: naf

374 ## - OCUPACIÓN

  • Occupation: Autor
  • Occupation: Profesor universitario
  • Fuente del término: lcsh

375 ## - GÉNERO

  • Gender: masculino

377 ## - LENGUA ASOCIADA

  • Language code: spa

400 1# - VEÁSE - NOMBRE DE PERSONA

  • Personal name: Peña, Luis Medina

400 1# - VEÁSE - NOMBRE DE PERSONA

  • Control subfield: nne
  • Personal name: Medina, Luis

670 ## - FUENTE EN LA QUE SE LOCALIZARON DATOS

  • Cita de la fuente: Hacia el nuevo estado, 1994:
  • Información localizada: portada (Luis Medina Peña)

670 ## - FUENTE EN LA QUE SE LOCALIZARON DATOS

  • Cita de la fuente: LC data base 06-15-94
  • Información localizada: (hdg.: Medina Peña, Luis)

670 ## - FUENTE EN LA QUE SE LOCALIZARON DATOS

  • Cita de la fuente: En su obra: Evolución electoral en el México contemporáneo, 1978:
  • Información localizada: portada (Luis Medina)

670 ## - FUENTE EN LA QUE SE LOCALIZARON DATOS

  • Cita de la fuente: Perfil de Investigadores del CIDE, vía WWW, May 23, 2014 :
  • Información localizada: (Luis Medina Peña; Centro de Investigación y Docencias Económicas, División de Historia, Profesor/Investigador, Doctor en Ciencias Políticas y Sociales UNAM)
  • Uniform Resource Identifier: http://www.cide.edu.mx/investigador/profile.php?IdInvestigador=66

902 ## - CATALOGADOR

  • Catalogador: NDAF/171022